MDQL
is popping MORE tags! Check the
thread
!
Quizzes
Events
Quiz Creation
Community
Videos
Private Events
Remove Ads
Sign In
Join for FREE
Feedback
Dark Mode
Quiz Categories
Sports
Geography
Music
Movies
Television
Just For Fun
Miscellaneous
History
Literature
Language
Science
Gaming
Entertainment
Religion
Holiday
For Kids
Quiz Lab
Recent
Popular Today
Quiz Kudos Today
Editor Picks
Curator Picks
Quizzes by...
Day
Popularity
Type
Ratings
Length
Year
Community
Subscriptions
Recent Discussions
Orange Saloon
Badges
Playlists
Quests
Create
Leaderboards
Showdown
Live 5
Trivia Bingo
Activity
Puzzle Library
Sporcle Events
Private Events
Virtual Trivia
Globe League
Become a Host
Pub Owners
SporcleCon
Opinionation
Our Games
Videos
Blog
Mobile Apps
Partnerships
Remove Ads and Go Orange
Feedback
Music
Pop Music
The Beatles
Song
Album
Lyrics
Bands
Singers
Artist
Clip
Rock
Rap
Classical
Billboard
Country Music
Kpop
Taylor Swift
Music
Pop Music
The Beatles
Song
Album
Lyrics
Bands
Singers
Artist
Clip
Rock
Rap
Classical
Billboard
Country Music
Kpop
Taylor Swift
Random Quiz
Search Sporcle
×
Quiz Lab
Quiz Lab
Music
Rock
Type in answers that appear in a list
Type in answers that appear in a list
Classic
Best Score? Go Orange.
UK Top 40 - Michael Jackson Stats
Can you name the Michael Jackson singles that reached the UK top 40?
By
Alstair
6m
50 Questions
513 Plays
513 Plays
513 Plays
Comments
Comments
Give Quiz Kudos
Give Quiz Kudos
-
- Ratings
hide this ad
More Info
Replay
Link that replays current quiz
Next Quiz
Link to next quiz in quiz playlist
You Got
0%
They Got
Avg Score
49%
Avg Friend Score
Upgrade to see
Score Distribution
Jump to the score distribution portion of the page
Score
0/50
Timer
06:00
0
Plays Today
Year
Song Title
% Correct
1984
Thriller
94.2%
1987
Bad
92%
1983
Billie Jean
89.5%
1983
Beat It
84.2%
1991
Black Or White
84.2%
1972
Ben
82.8%
1995
Earth Song
79.5%
1988
Smooth Criminal
78.8%
1988
Man In the Mirror
78.2%
1988
Dirty Diana
71.3%
1979
Don't Stop 'Til You Get Enough
69.2%
1979
Rock With You
65.5%
1979
Off the Wall
62.4%
1995
You Are Not Alone
62.4%
1995
Scream
60.4%
1987
The Way You Make Me Feel
59.6%
1983
P.Y.T. (Pretty Young Thing)
59.1%
1982
The Girl Is Mine
55.6%
1989
Leave Me Alone
55.6%
1992
Heal the World
55.6%
1992
Remember the Time
54.2%
1997
Blood On the Dance Floor
53%
1983
Wanna Be Startin' Somethin'
52%
1983
Say Say Say
52%
1972
Rockin' Robin
51.3%
Year
Song Title
% Correct
1987
I Just Can't Stop Loving You
50.3%
1996
They Don't Care About Us
48.1%
2001
You Rock My World
48%
1992
Jam
47.4%
1989
Liberian Girl
45.4%
1992
In the Closet
42.3%
1980
She's Out Of My Life
41.5%
1996
Stranger In Moscow
41.3%
1997
HIStory/Ghosts
40.5%
1988
Another Part Of Me
36.1%
1971
Got To Be There
34.9%
1992
Who Is It
34.1%
1993
Will You Be There
33.3%
1981
One Day In Your Life
30.2%
1993
Give In To Me
28.5%
2001
Cry
28.1%
2010
Hold My Hand
25.7%
1984
Farewell My Summer Love
25%
2003
One More Chance
24.8%
1995
Childhood
22.6%
1993
Gone Too Soon
19.9%
1972
Ain't No Sunshine
16%
1984
Somebody's Watching Me
13.3%
1987
Get It
9.7%
1984
Girl, You're So Together
8.2%
Quiz Playlist
Details
Report
Send in Message
Add To Playlist
More Info:
Duets are counted in this list. Remixes and re-releases will be excluded. Other collaborations and featured credits depend on level of involvement.
Classic:
Type in answers that appear in a list
Quiz Source
Last Updated: Feb 16, 2017
Quiz Scoreboard
CHALLENGE
Sign Up to Join the Scoreboard
Show All
Scores
Hide
Comments
May contain spoilers
Recently Published
Colored Red Africa Blitz
by spor1
Geography
30s
Find the 'City' Movie
by crazypaving
Movies
60s
5x2 Blitz: Bands
by SL_Kpop136
Music
30s
More to Explore
Quiz From the Vault
Featured Blog Post
14 Easter Pick-up Lines to Find Eggs With
hide this ad
You Might Also Like...
Tags
Pop Music Quiz
Rock Quiz
Best Selling
chart
Chart Topping
Hit Songs
Michael Jackson
Top 40
UK Charts
Today's Top Quizzes in Music
Browse Music
hide this ad
Today's Top Quizzes in Rock
Browse Rock
Top Contributed Quizzes in Music
1
5X2 Blitz: Bands II
2
5X2 Blitz: The Beatles
3
Taylor Swift All Songs (2024)
4
5X2 Blitz: Billboard
5
Taylor Swift Logic Puzzle II
6
5X2 Blitz: Billboard II
7
5X2 Blitz: Singers
8
5X2 Blitz: Album
9
5X2 Blitz: Rock
10
5X2 Blitz: Lyrics
Explore More
Trending Topics
Anime
Kpop
Disney
Harry Potter
Marvel
NBA
Crossword
NFL
The Office
Puzzle
Country
Soccer
Song
Pokémon
WWE
hide this ad
More By:
Alstair
Quiz
Plays
Rating
Category
Featured
Created
A Decade of iTunes
47,371
4.54
Music
Apr 27, 2013
Britain's Biggest Singles of the 2000s
23,484
4.68
Music
Oct 22, 2012
A Decade of iTunes (Albums)
8,806
4.18
Music
Apr 29, 2013
Top 100 Greatest Hair Metal Songs
8,091
4.56
Music
Apr 8, 2012
Billboard's Top 100 Albums of 1984
6,732
4.77
Music
Jan 30, 2012
Go to Creator's Profile
Score Distribution
Quiz Creator Spotlight
Alstair
Follow
Send a Message
Quizzes Created
-
Created Quiz Play Count
-
More By This Creator
Popular Quizzes Today
1
Colored Red Africa Blitz
2
Find the 'City' Movie
3
5x2 Blitz: Bands
4
Find the US States - No Outlines Minefield
5
The Countries of the World
6
Find the US States
7
US States
8
Find the Countries of Europe - No Outlines Minefield
More Music Quizzes
BTS Album Covers
Quiz Lab
Trending Quizzes
Colored Red Europe Blitz I
Colored Red Europe Blitz II
Colored Red Africa Blitz II
Colored Red Europe Blitz III
Colored Red Africa Blitz III
Recently Updated
How Do You Spell That?
pecheneg
Godzilla Movies
pecheneg
Grab Bag: 4-10 Letters
pecheneg
2024 March Madness Bracket
pecheneg
Famous TV Couples
Peacemaker
Champions League XIs: Real Madrid
pecheneg
Largest US Cities 1790-2010
pecheneg
Rides in Walt Disney World
pecheneg
Most Oscar Losses (Acting)
pecheneg
Beyoncé Albums
pecheneg
Trending Topics
Disney
Anime
NBA
Kpop
Harry Potter
Crossword
Marvel
Song
Pokémon
NFL
Soccer
WWE
The Office
Puzzle
Country
Your Account Isn't Verified!
In order to create a playlist on Sporcle, you need to verify the email address you used during registration. Go to your
Sporcle Settings
to finish the process.
Report this User
Report this user for behavior that violates our
Community Guidelines
.
Details:
Send Report
Go to the Sporcle.com Mobile Site →
Comments